| 000 | 00529nam a22001937a 4500 | ||
|---|---|---|---|
| 003 | NUST | ||
| 005 | 20230126161926.0 | ||
| 008 | 190708b ||||| |||| 00| 0 eng d | ||
| 038 | _aMr. Zahoor | ||
| 082 | _a510 | ||
| 100 |
_aNisar, Onsia _917050 |
||
| 245 |
_aLaplace Transform on Time Scale _cOnsia Nisar |
||
| 260 |
_aIslamabad: _bSNS - NUST, _c2013. |
||
| 300 |
_aiv, 59 p. : _b30cm. |
||
| 500 | _aHard Cover | ||
| 650 |
_aMathematics - M. Phil Thesis _916594 |
||
| 700 |
_aDr. Matloob Anwar _916499 |
||
| 942 |
_2ddc _cTHE |
||
| 999 |
_c526085 _d526085 |
||